000 00310nam a2200121Ia 4500
008 220204s9999 xx 000 0 und d
082 _a633.18:338.432
_bLUH
100 _aLUH, Bor S
245 0 _aRice: Production and utilization
260 _aConnecticut
_bAvi
_c1980
650 _aRice processing
942 _cBK
999 _c36105
_d36105